[Event "14. Lichtenberger Sommer"]
[Site "14. Lichtenberger Sommer"]
[Date "2015.08.22"]
[Round "8.1"]
[White "Malek, Daniel"]
[Black "Stern, René"]
[Result "1/2-1/2"]
[WhiteElo "2398"]
[BlackElo "2536"]
[PlyCount "47"]
[EventDate "2015.??.??"]
[WhiteTeam "SK Zehlendorf"]
[BlackTeam "SK König Tegel"]

1. d4 d5 2. c4 e6 3. Nc3 Be7 4. Nf3 Nf6 5. Bf4 O-O 6. e3 Nbd7 7. a3 c5 8. cxd5
Nxd5 9. Nxd5 exd5 10. dxc5 Nxc5 11. Be2 Bf6 12. Be5 Bxe5 13. Nxe5 Ne6 14. Nf3
Qf6 15. Qd2 Rd8 16. Nd4 Nxd4 17. Qxd4 Qxd4 18. exd4 Be6 19. Kd2 Rac8 20. Bd3 h6
21. f4 Kf8 22. Rhe1 Rd6 23. Re3 Bd7 24. Rc1 1/2-1/2

[Event "14. Lichtenberger Sommer"]
[Site "14. Lichtenberger Sommer"]
[Date "2015.08.22"]
[Round "8.2"]
[White "Poetsch, Hagen"]
[Black "Dauth, Benjamin"]
[Result "1-0"]
[WhiteElo "2498"]
[BlackElo "2360"]
[PlyCount "53"]
[EventDate "2015.??.??"]
[WhiteTeam "SF Schöneck"]
[BlackTeam "SC Rotation Pankow"]

1. e4 e5 2. Nf3 Nc6 3. Bc4 Bc5 4. c3 Qf6 5. d4 Bb6 6. O-O d6 7. Bg5 Qg6 8. dxe5
Bg4 9. exd6 cxd6 10. Nbd2 h5 11. Re1 f6 12. Be3 Bc7 13. Qb3 O-O-O 14. Bf7 Qh7
15. Nd4 Nge7 16. Nb5 Kb8 17. Bd5 Bd7 18. Nc4 Nc8 19. Qa3 a6 20. Nxc7 Kxc7 21.
Bb6+ Kb8 22. Bxd8 Rxd8 23. Nxd6 h4 24. Nxc8 Kxc8 25. Rad1 Re8 26. Qd6 Qg6 27.
Qxd7+ 1-0

[Event "14. Lichtenberger Sommer"]
[Site "14. Lichtenberger Sommer"]
[Date "2015.08.22"]
[Round "8.3"]
[White "Abel, Dennes"]
[Black "Stark, Ingo"]
[Result "1-0"]
[WhiteElo "2435"]
[BlackElo "2121"]
[PlyCount "79"]
[EventDate "2015.??.??"]
[WhiteTeam "SK Ricklingen"]
[BlackTeam "TSG Oberschöneweide"]

1. d4 Nf6 2. c4 e6 3. g3 c5 4. d5 exd5 5. cxd5 d6 6. Nc3 g6 7. Bg2 Bg7 8. Nf3
O-O 9. O-O Re8 10. Bf4 a6 11. a4 h6 12. Qc1 Kh7 13. Re1 Bf5 14. Nh4 Bc8 15. Qc2
Qe7 16. e4 Nbd7 17. Nf3 Ng4 18. h3 Nge5 19. Nd2 Kh8 20. Be3 g5 21. f4 gxf4 22.
gxf4 Ng6 23. Nc4 Rb8 24. Qf2 b5 25. axb5 axb5 26. Na5 Qh4 27. Nc6 Rb7 28. Rac1
b4 29. Na4 Qxf2+ 30. Kxf2 Nb6 31. Nxb6 Rxb6 32. e5 dxe5 33. Bxc5 Ra6 34. fxe5
Nxe5 35. Nxe5 Rxe5 36. Rxe5 Bxe5 37. Bxb4 Bf5 38. Bc3 f6 39. Bxe5 fxe5 40. Rc6
1-0

[Event "14. Lichtenberger Sommer"]
[Site "14. Lichtenberger Sommer"]
[Date "2015.08.22"]
[Round "8.4"]
[White "Berger, Steve"]
[Black "Krefenstein, Sergej"]
[Result "1/2-1/2"]
[WhiteElo "2420"]
[BlackElo "2184"]
[PlyCount "117"]
[EventDate "2015.??.??"]
[WhiteTeam "SK König Tegel"]
[BlackTeam "TuS Makkabi Berlin"]

1. e4 e5 2. Nf3 Nc6 3. Nc3 Nf6 4. d4 exd4 5. Nxd4 Bb4 6. Nxc6 bxc6 7. Bd3 d5 8.
exd5 cxd5 9. O-O O-O 10. h3 c6 11. Qf3 Re8 12. Bf4 Bd6 13. Rfe1 Be6 14. Rad1
Rb8 15. b3 Bxf4 16. Qxf4 Qa5 17. Qd2 Qc7 18. Ne2 c5 19. c3 a5 20. Bc2 Bd7 21.
Qf4 Qxf4 22. Nxf4 Bc6 23. h4 h6 24. f3 Kf8 25. Kf2 Rxe1 26. Rxe1 Re8 27. Rxe8+
Kxe8 28. b4 axb4 29. cxb4 cxb4 30. Nd3 Kd7 31. Nxb4 Bb5 32. Bd3 Ba4 33. Ke3 Kd6
34. Kd4 g5 35. hxg5 hxg5 36. Be2 Bd7 37. Bd1 Bb5 38. g4 Bc4 39. Bb3 Bxb3 40.
axb3 Ke6 41. Nd3 Ne8 42. Kc5 Nd6 43. b4 f5 44. b5 fxg4 45. fxg4 d4 46. b6 Nb7+
47. Kxd4 Kd6 48. Ne5 Nc5 49. Nf7+ Kc6 50. Nxg5 Nd7 51. Nh7 Nxb6 52. Ke5 Kd7 53.
Kf6 Ke8 54. g5 Nd5+ 55. Ke5 Ne7 56. Ke6 Ng6 57. Kf6 Ne7 58. g6 Nxg6 59. Kxg6
1/2-1/2

[Event "14. Lichtenberger Sommer"]
[Site "14. Lichtenberger Sommer"]
[Date "2015.08.22"]
[Round "8.5"]
[White "Lerch, Philipp"]
[Black "Bazarov, Konstantin"]
[Result "1/2-1/2"]
[WhiteElo "2302"]
[BlackElo "2321"]
[PlyCount "120"]
[EventDate "2015.??.??"]
[WhiteTeam "SC Kreuzberg"]
[BlackTeam "Moscow"]

1. c4 c5 2. g3 e6 3. Bg2 Nf6 4. Nf3 Nc6 5. O-O d6 6. Nc3 Be7 7. d4 cxd4 8. Nxd4
Nxd4 9. Qxd4 O-O 10. b3 a6 11. Ba3 Qa5 12. Bb2 Rb8 13. Ne4 Rd8 14. a4 Qc7 15.
Rac1 b6 16. Ba3 Nxe4 17. Bxe4 Bb7 18. Rfd1 Bxe4 19. Qxe4 Rd7 20. Rd3 Bf8 21.
Qf4 Qc6 22. c5 bxc5 23. Bxc5 Qa8 24. Bxd6 Bxd6 25. Rxd6 Rxd6 26. Qxd6 Rxb3 27.
Qc6 Rb8 28. a5 g6 29. Qxa8 Rxa8 30. Rc7 Rb8 31. Ra7 Rb2 32. e3 h5 33. Rxa6 Kg7
34. h4 Ra2 35. Ra8 Kf6 36. Kg2 Ra4 37. Kf3 Ra2 38. a6 Ra4 39. a7 Ke5 40. Ke2
Ke4 41. f3+ Ke5 42. Kd3 Ra3+ 43. Kc4 Kf6 44. Kc5 Ra1 45. Kd6 Rd1+ 46. Kc6 Ra1
47. Kd7 Kg7 48. Ke7 Ra6 49. e4 Ra1 50. e5 Ra6 51. Kd7 Ra1 52. Kc6 Rc1+ 53. Kb5
Ra1 54. Kc4 Ra4+ 55. Kd3 Kh7 56. Ke3 Kg7 57. g4 Kh7 58. gxh5 gxh5 59. f4 Kg7
60. Kd3 Ra1 1/2-1/2

[Event "14. Lichtenberger Sommer"]
[Site "14. Lichtenberger Sommer"]
[Date "2015.08.22"]
[Round "8.6"]
[White "Simon, Ralf-Axel"]
[Black "Gullaksen, Eirik"]
[Result "0-1"]
[WhiteElo "2113"]
[BlackElo "2345"]
[PlyCount "80"]
[EventDate "2015.??.??"]
[WhiteTeam "TSG Neuruppin"]
[BlackTeam "Bergens schakklub"]

1. d4 Nf6 2. c4 g6 3. Nc3 Bg7 4. e4 O-O 5. Nf3 d6 6. Be2 Na6 7. O-O e5 8. Be3
Ng4 9. Bg5 Qe8 10. Re1 exd4 11. Nd5 f6 12. Bf4 c6 13. Nxd4 Ne5 14. Ne3 Nc5 15.
f3 Qe7 16. Bg3 f5 17. exf5 gxf5 18. Nec2 f4 19. Bf2 a5 20. Bf1 Qf6 21. Qd2 Qg6
22. Kh1 Ncd3 23. Bxd3 Nxd3 24. Re4 Nxf2+ 25. Qxf2 c5 26. Nb5 Bf5 27. Re2 Bxb2
28. Rd1 Be5 29. Nc7 Rad8 30. Na3 Rd7 31. Nd5 Rg7 32. Nb5 Bd3 33. Red2 Bxc4 34.
Nbc3 b5 35. Ne4 Bd4 36. Ndf6+ Rxf6 37. Rxd4 cxd4 38. Nxf6+ Qxf6 39. Rxd4 Re7
40. Rd1 d5 0-1

[Event "14. Lichtenberger Sommer"]
[Site "14. Lichtenberger Sommer"]
[Date "2015.08.22"]
[Round "8.7"]
[White "Jahnz, Fabian"]
[Black "Schild, Christoph"]
[Result "1-0"]
[WhiteElo "2224"]
[BlackElo "2375"]
[PlyCount "33"]
[EventDate "2015.??.??"]
[WhiteTeam "SK König Tegel"]
[BlackTeam "SK Freiburg-Zähringen 1887 e.V."]

1. e4 e6 2. d4 d5 3. Nc3 Nf6 4. exd5 exd5 5. Bd3 c5 6. dxc5 Bxc5 7. Nf3 O-O 8.
O-O Nc6 9. Bg5 Be6 10. a3 h6 11. Bh4 Re8 12. Qd2 Be7 13. Rfe1 d4 14. Ne2 Kh8
15. Ng3 Bd5 16. Nf5 Bxf3 17. Rxe7 1-0

[Event "14. Lichtenberger Sommer"]
[Site "14. Lichtenberger Sommer"]
[Date "2015.08.22"]
[Round "8.8"]
[White "Figura, Atila Gajo"]
[Black "Gallien, Fabian"]
[Result "1-0"]
[WhiteElo "2384"]
[BlackElo "2145"]
[PlyCount "119"]
[EventDate "2015.??.??"]
[WhiteTeam "SC Kreuzberg"]
[BlackTeam "SC Schwarz-Weiß Lichtenrade e.V."]

1. d4 d5 2. c4 dxc4 3. Nf3 Nf6 4. e3 Bg4 5. Bxc4 e6 6. h3 Bh5 7. Nc3 a6 8. g4
Bg6 9. Ne5 Nbd7 10. Nxg6 hxg6 11. Qf3 c6 12. Bd2 Be7 13. O-O-O Nb6 14. Bb3 a5
15. a3 a4 16. Ba2 Nc8 17. g5 Nd5 18. h4 Nd6 19. Ne2 Qd7 20. Kb1 Nb6 21. Rc1 Nb5
22. Nf4 Nd5 23. Nd3 Bd6 24. Qg4 Ndc7 25. Nc5 Qe7 26. h5 gxh5 27. Rxh5 Rf8 28.
Ka1 Bxc5 29. Rxc5 Na6 30. Rc1 O-O-O 31. d5 Kb8 32. Ba5 Rxd5 33. Bxd5 exd5 34.
Qxa4 g6 35. Rh7 Qxg5 36. Bb4 Rc8 37. Rxf7 d4 38. Qb3 Nxb4 39. axb4 dxe3 40.
Qxe3 Qd5 41. Qf3 Rd8 42. Qxd5 Rxd5 43. f4 Nd4 44. Ka2 g5 45. Rc5 Rxc5 46. bxc5
gxf4 47. Ka3 Ne6 48. b4 Nd4 49. Rxf4 Nb5+ 50. Kb3 Kc7 51. Rf8 Kd7 52. Rg8 Kc7
53. Rh8 Kd7 54. Ka4 Nc3+ 55. Ka5 Nd5 56. Rh5 Nf6 57. Rf5 Nd5 58. Rg5 Ne3 59.
Kb6 Nd5+ 60. Rxd5+ 1-0

[Event "14. Lichtenberger Sommer"]
[Site "14. Lichtenberger Sommer"]
[Date "2015.08.22"]
[Round "8.9"]
[White "Amelang, Thomas"]
[Black "Kalinitschew, Sergey"]
[Result "0-1"]
[WhiteElo "2158"]
[BlackElo "2410"]
[PlyCount "79"]
[EventDate "2015.??.??"]
[WhiteTeam "SK Siemens München"]
[BlackTeam "SC Kreuzberg"]

1. e4 g6 2. d4 Bg7 3. Nf3 d6 4. Nc3 a6 5. Be3 b5 6. a3 Bb7 7. Bd3 Nd7 8. d5 c5
9. dxc6 Bxc6 10. Qe2 Ngf6 11. Bd4 O-O 12. O-O Qb8 13. a4 e5 14. Be3 b4 15. Nb1
Qb7 16. Bg5 Nxe4 17. Bxe4 Bxe4 18. Nbd2 Bxf3 19. gxf3 d5 20. Nb3 e4 21. Rab1
Ne5 22. Nd4 Rac8 23. c3 Rc4 24. Be3 exf3 25. Qd1 bxc3 26. bxc3 Qc8 27. Kh1 Rxc3
28. Rg1 Rd3 29. Qc1 Qh3 30. Rg3 Qh4 31. Qc5 Qe4 32. Rf1 h5 33. h3 Kh7 34. a5
Rb8 35. Rg5 Qh4 36. Rg3 Qe4 37. Rg5 Rxe3 38. fxe3 Qh4 39. Qe7 Qxh3+ 40. Kg1 0-1

[Event "14. Lichtenberger Sommer"]
[Site "14. Lichtenberger Sommer"]
[Date "2015.08.22"]
[Round "8.10"]
[White "Muse, Drazen"]
[Black "Hamann, Carsten"]
[Result "1-0"]
[WhiteElo "2408"]
[BlackElo "2116"]
[PlyCount "81"]
[EventDate "2015.??.??"]
[WhiteTeam "SK König Tegel"]
[BlackTeam "Preetzer TSV"]

1. Nf3 Nf6 2. c4 g6 3. Nc3 Bg7 4. e4 d6 5. d4 O-O 6. Be2 e5 7. d5 a5 8. Bg5 h6
9. Bh4 Na6 10. Nd2 Qe8 11. O-O Nh7 12. a3 h5 13. f3 Bh6 14. Bf2 Bd7 15. b3 f5
16. Rb1 f4 17. b4 axb4 18. axb4 g5 19. c5 Kh8 20. Nc4 Qg6 21. Kh1 g4 22. cxd6
cxd6 23. b5 Nb8 24. Nb6 Ra5 25. Nxd7 Nxd7 26. fxg4 hxg4 27. Bxg4 Rg8 28. Bh3
Ndf6 29. Qe2 Ra3 30. Be1 Rxc3 31. Bxc3 Nxe4 32. Bb4 Nhf6 33. Be6 Nh5 34. Kg1
Rf8 35. Qg4 Bg5 36. Rb3 f3 37. Rbxf3 Nf4 38. g3 Nf6 39. Rxf4 exf4 40. Bc3 Qd3
41. Qxg5 1-0

[Event "14. Lichtenberger Sommer"]
[Site "14. Lichtenberger Sommer"]
[Date "2015.08.22"]
[Round "8.11"]
[White "Niehaus, Frank"]
[Black "Brüdigam, Martin"]
[Result "1/2-1/2"]
[WhiteElo "2203"]
[BlackElo "2371"]
[PlyCount "191"]
[EventDate "2015.??.??"]
[WhiteTeam "SK König Tegel"]
[BlackTeam "SK König Tegel"]

1. f4 Nf6 2. Nf3 d5 3. e3 c5 4. Be2 Nc6 5. O-O Qc7 6. d4 Bg4 7. Ne5 Bxe2 8.
Qxe2 cxd4 9. Nxc6 bxc6 10. exd4 e6 11. Be3 Bd6 12. Nd2 O-O 13. c3 a5 14. Kh1
Rab8 15. b3 Rfe8 16. Qf3 c5 17. Rac1 Rbc8 18. Bg1 c4 19. bxc4 dxc4 20. Rb1 g6
21. Rb5 Rb8 22. Rc5 Bxc5 23. dxc5 Qd7 24. Nxc4 Qd5 25. Nxa5 Ra8 26. Nb7 Ne4 27.
Nd6 Nxd6 28. Qxd5 exd5 29. cxd6 Red8 30. Bc5 Rxa2 31. h3 Rc2 32. Re1 f6 33. Bb4
d4 34. cxd4 Rd7 35. Re8+ Kf7 36. Rh8 Ke6 37. Re8+ Kd5 38. Bc5 Rf2 39. Re7 Rxe7
40. dxe7 Re2 41. Kg1 Re4 42. g3 Kc6 43. Kf2 Kd7 44. Kf3 Re1 45. Kf2 Rc1 46. g4
Rc3 47. Kg2 h5 48. f5 gxf5 49. gxh5 f4 50. h4 Rg3+ 51. Kf2 Rh3 52. Kg2 Rxh4 53.
Kf3 Ke8 54. h6 Kf7 55. h7 Rxh7 56. Kxf4 Rh1 57. Kf3 Re1 58. Kf2 Re4 59. Kf3 f5
60. Kf2 Ke8 61. Kf3 Rh4 62. Kg3 Rg4+ 63. Kf3 Kf7 64. Kf2 Re4 65. Kf3 Rh4 66.
Kg3 Rh8 67. Kf4 Ke6 68. Kg3 Rc8 69. Kf3 Kf6 70. Kf4 Rg8 71. Kf3 Kg5 72. Bd6 Re8
73. Kg3 Rc8 74. Kf3 Rc3+ 75. Kf2 Rc2+ 76. Kf3 Rc3+ 77. Kf2 Rc8 78. Kf3 Ra8 79.
Kg3 Kf6 80. Kf4 Ke6 81. Bc5 Rh8 82. Kg3 Rg8+ 83. Kf3 Kf6 84. Kf4 Rg4+ 85. Kf3
Re4 86. Kg3 Kf7 87. Kf3 Ke8 88. Kf2 Kd7 89. Kf3 Kc6 90. Kf2 Kd5 91. Kf3 f4 92.
Kg4 Kc4 93. Kf3 Kd5 94. Kg4 Rxe7 95. Bxe7 Kxd4 96. Kxf4 1/2-1/2

[Event "14. Lichtenberger Sommer"]
[Site "14. Lichtenberger Sommer"]
[Date "2015.08.22"]
[Round "8.12"]
[White "Von Herman, Ulf"]
[Black "McGowan, Daniel"]
[Result "1/2-1/2"]
[WhiteElo "2375"]
[BlackElo "2120"]
[PlyCount "62"]
[EventDate "2015.??.??"]
[WhiteTeam "SK König Tegel"]
[BlackTeam "SF 1903 Berlin"]

1. d4 e6 2. c4 Nf6 3. Nc3 d5 4. Bg5 c6 5. Nf3 h6 6. Bxf6 Qxf6 7. Qb3 Nd7 8. e4
dxe4 9. Nxe4 Qf4 10. Bd3 Be7 11. O-O O-O 12. Rfe1 Qc7 13. Bc2 Rd8 14. Qd3 Nf8
15. Qe3 b6 16. c5 Ba6 17. Ne5 f5 18. Ng3 Bf6 19. Bb3 Bxe5 20. Qxe5 Qxe5 21.
Rxe5 Rxd4 22. Nxf5 Rd2 23. Rae1 Kh7 24. Bxe6 Nxe6 25. Rxe6 Rf8 26. g4 Bc8 27.
Rxc6 Bxf5 28. gxf5 Rxf5 29. cxb6 Rfxf2 30. bxa7 Rg2+ 31. Kh1 Rxh2+ 1/2-1/2

[Event "14. Lichtenberger Sommer"]
[Site "14. Lichtenberger Sommer"]
[Date "2015.08.22"]
[Round "8.13"]
[White "Giemsa, Stephan"]
[Black "Kupfer, Michael"]
[Result "1/2-1/2"]
[WhiteElo "2336"]
[BlackElo "2065"]
[PlyCount "54"]
[EventDate "2015.??.??"]
[WhiteTeam "SK König Tegel"]
[BlackTeam "SC Friesen Lichtenberg"]

1. d4 e6 2. c4 b6 3. e4 Bb7 4. Bd3 Bb4+ 5. Bd2 Bxd2+ 6. Nxd2 Nc6 7. Ngf3 Nge7
8. O-O Ng6 9. e5 d6 10. exd6 Qxd6 11. d5 exd5 12. cxd5 Nce7 13. Qa4+ Kf8 14.
Rad1 Bxd5 15. Be4 f6 16. Bxd5 Qxd5 17. Ne4 Qc6 18. Qd4 Nf4 19. Rfe1 Nfd5 20.
Nc3 Nxc3 21. bxc3 Kf7 22. Qd7 Qxd7 23. Rxd7 Rhe8 24. Rxc7 Kf8 25. c4 Nf5 26.
Rxe8+ Kxe8 27. g4 Ne7 1/2-1/2

[Event "14. Lichtenberger Sommer"]
[Site "14. Lichtenberger Sommer"]
[Date "2015.08.22"]
[Round "8.14"]
[White "Osipenko, Pavel"]
[Black "Ortmann, David"]
[Result "0-1"]
[WhiteElo "2042"]
[BlackElo "2302"]
[PlyCount "80"]
[EventDate "2015.??.??"]
[WhiteTeam "Oryol"]
[BlackTeam "SC Böblingen"]

1. e4 e6 2. Nf3 d5 3. e5 c5 4. b4 d4 5. bxc5 Bxc5 6. Ba3 Qd5 7. Bxc5 Qxc5 8. c3
Nc6 9. cxd4 Nxd4 10. Qa4+ Nc6 11. Nc3 Qa5 12. Qxa5 Nxa5 13. Nb5 Ke7 14. Rc1 Bd7
15. d4 Bc6 16. Bd3 Nh6 17. Ke2 Rhd8 18. Rhd1 f6 19. h3 Nf7 20. Ke3 a6 21. Nc3
Rac8 22. Ne4 Bd5 23. Rc5 Rxc5 24. Nxc5 fxe5 25. Nxe5 Nxe5 26. dxe5 Bxa2 27. Ra1
Nb3 28. Rxa2 Nxc5 29. Bxh7 b5 30. Rc2 Rd5 31. f4 b4 32. Rb2 a5 33. Bb1 b3 34.
Rd2 a4 35. Re2 a3 36. Rf2 a2 37. Bxa2 Rd3+ 38. Ke2 bxa2 39. Rf1 Ra3 40. Ra1 Nb3
0-1

[Event "14. Lichtenberger Sommer"]
[Site "14. Lichtenberger Sommer"]
[Date "2015.08.22"]
[Round "8.15"]
[White "Pluska, Alexander"]
[Black "Rietze, Clemens"]
[Result "1/2-1/2"]
[WhiteElo "2030"]
[BlackElo "2289"]
[PlyCount "88"]
[EventDate "2015.??.??"]
[WhiteTeam "SK Doppelbauer Kiel"]
[BlackTeam "SC Rotation Pankow"]

1. d4 Nf6 2. c4 g6 3. Nc3 d5 4. cxd5 Nxd5 5. Bd2 Nb6 6. Nf3 Bg7 7. Bg5 O-O 8.
e3 Be6 9. Rc1 N8d7 10. Bd3 c6 11. O-O a5 12. b3 f5 13. e4 fxe4 14. Bxe4 Nf6 15.
Re1 Bg4 16. h3 Nxe4 17. Rxe4 Bxf3 18. gxf3 Bf6 19. f4 Nd5 20. Qg4 Bxg5 21. fxg5
Rf5 22. Nxd5 Qxd5 23. Rc5 Qf7 24. Qg3 Rf3 25. Qg2 Rf8 26. Re2 Qf4 27. Qg4 Qxg4+
28. hxg4 R3f4 29. Rxa5 Kf7 30. Rae5 Rxg4+ 31. Kf1 Re8 32. R2e4 Rxe4 33. Rxe4
Ra8 34. a4 Ra5 35. Rh4 Rxg5 36. Rxh7+ Kf6 37. Rh8 Rd5 38. Rb8 b5 39. Rb6 bxa4
40. bxa4 Rxd4 41. Rxc6+ Kf5 42. a5 Rd2 43. a6 Ra2 44. Rc7 Rxa6 1/2-1/2

[Event "14. Lichtenberger Sommer"]
[Site "14. Lichtenberger Sommer"]
[Date "2015.08.22"]
[Round "8.16"]
[White "Lorenz, Sascha"]
[Black "Schmidt, Markus"]
[Result "1/2-1/2"]
[WhiteElo "2222"]
[BlackElo "2108"]
[PlyCount "115"]
[EventDate "2015.??.??"]
[WhiteTeam "SK König Tegel"]
[BlackTeam "SK Turm Bad Hersfeld"]

1. f4 d5 2. Nf3 Nf6 3. e3 Bg4 4. h3 Bxf3 5. Qxf3 c6 6. d3 Nbd7 7. g4 Qc7 8. e4
O-O-O 9. e5 Nxe5 10. fxe5 Qxe5+ 11. Be2 Qc7 12. g5 Nd7 13. Nc3 e5 14. Bd2 e4
15. dxe4 d4 16. Nd1 Ne5 17. Qb3 d3 18. cxd3 Rxd3 19. Qxd3 Nxd3+ 20. Bxd3 Qg3+
21. Ke2 Qg2+ 22. Nf2 Bc5 23. Be3 Bxe3 24. Kxe3 Qxg5+ 25. Ke2 f5 26. Rhg1 Qh5+
27. Kd2 fxe4 28. Nxe4 Rd8 29. Rg3 Qe5 30. Kc2 Rd4 31. Re3 c5 32. Rae1 c4 33.
Bf1 Qa5 34. Kb1 b5 35. h4 Kb8 36. a3 Qb6 37. Bg2 Rd1+ 38. Rxd1 Qxe3 39. Nc3 Qg3
40. Be4 a6 41. Ka2 Qxh4 42. Rh1 Qg5 43. Rxh7 a5 44. Rh8+ Kc7 45. Ra8 b4 46.
Nd5+ Kd6 47. Rxa5 b3+ 48. Ka1 Qg1+ 49. Bb1 Qe1 50. Nc3 Qc1 51. Rg5 Kc6 52. Rxg7
Qf1 53. Rg5 Kb6 54. Rd5 Kc6 55. Rd1 Qf2 56. Rd6+ Kc7 57. Rd5 Qf1 58. Rf5
1/2-1/2

[Event "14. Lichtenberger Sommer"]
[Site "14. Lichtenberger Sommer"]
[Date "2015.08.22"]
[Round "8.17"]
[White "Zur, Jan"]
[Black "Vogel, Robert"]
[Result "1/2-1/2"]
[WhiteElo "2103"]
[BlackElo "2218"]
[PlyCount "43"]
[EventDate "2015.??.??"]
[WhiteTeam "SC Rotation Pankow"]
[BlackTeam "SG Pang-Rosenheim"]

1. e4 g6 2. d4 Bg7 3. Nc3 d6 4. Nf3 Nf6 5. Be2 O-O 6. O-O c6 7. a4 Qc7 8. h3 e5
9. dxe5 dxe5 10. Bc4 Nbd7 11. Be3 Nh5 12. Qc1 Nf4 13. Rd1 Nb6 14. Bb3 Be6 15.
Bc5 Rfd8 16. Qe3 Bh6 17. Bxe6 fxe6 18. Qe1 Bf8 19. Bxf8 Rxf8 20. Nh2 Qe7 21.
Ne2 Rad8 22. b3 1/2-1/2

[Event "14. Lichtenberger Sommer"]
[Site "14. Lichtenberger Sommer"]
[Date "2015.08.22"]
[Round "8.18"]
[White "Kornrumpf, Joachim"]
[Black "Ferster, Fabian"]
[Result "1/2-1/2"]
[WhiteElo "2046"]
[BlackElo "2142"]
[PlyCount "102"]
[EventDate "2015.??.??"]
[WhiteTeam "Preetzer TSV"]
[BlackTeam "SK Ottenau"]

1. b3 Nf6 2. Bb2 g6 3. e3 Bg7 4. c4 c5 5. Nf3 Nc6 6. Be2 b6 7. O-O O-O 8. a3
Bb7 9. Qc2 Rc8 10. d3 e6 11. Nbd2 d5 12. cxd5 exd5 13. Rac1 Re8 14. Rfe1 d4 15.
e4 Nd7 16. Bf1 Qe7 17. Qb1 h5 18. g3 Bh6 19. Rcd1 Nde5 20. Bg2 Rc7 21. Bc1 Qf6
22. Nxe5 Nxe5 23. f4 Nc6 24. Nc4 Bf8 25. Nd2 Qe6 26. e5 Na5 27. Bxb7 Rxb7 28.
b4 Nc6 29. Ne4 Reb8 30. b5 Ne7 31. Bd2 Nd5 32. Qb2 a6 33. a4 axb5 34. axb5 Ra7
35. Ra1 Rba8 36. Rxa7 Rxa7 37. Rb1 Be7 38. Ra1 Qd7 39. Ra6 Rxa6 40. bxa6 Qa4
41. a7 Qxa7 42. Qb5 Qa1+ 43. Kf2 Qh1 44. h4 Qh2+ 45. Ke1 Nc3 46. Bxc3 dxc3 47.
Qe8+ Bf8 48. e6 Qg1+ 49. Ke2 Qg2+ 50. Ke1 Qg1+ 51. Ke2 Qg2+ 1/2-1/2

[Event "14. Lichtenberger Sommer"]
[Site "14. Lichtenberger Sommer"]
[Date "2015.08.22"]
[Round "8.19"]
[White "Daverkausen, Bernd"]
[Black "Plump, Detlef"]
[Result "1/2-1/2"]
[WhiteElo "2137"]
[BlackElo "2216"]
[PlyCount "99"]
[EventDate "2015.??.??"]
[WhiteTeam "SC Zugzwang 95 (Berlin)"]
[BlackTeam "Bremer SG von 1877"]

1. Nf3 Nf6 2. c4 e6 3. g3 b6 4. Bg2 Bb7 5. O-O Be7 6. Nc3 O-O 7. b3 d5 8. e3 c5
9. Bb2 dxc4 10. bxc4 Nc6 11. Qe2 a6 12. d3 Qc7 13. Ne1 Na7 14. a4 Bxg2 15. Nxg2
Qc6 16. g4 b5 17. g5 Nd7 18. f4 f5 19. gxf6 Bxf6 20. axb5 axb5 21. cxb5 Nxb5
22. Nxb5 Qxb5 23. Bxf6 Nxf6 24. Rab1 Qc6 25. Nh4 Qd5 26. Rbd1 Ra2 27. Qf3 Rb8
28. Rf2 Rbb2 29. Rxb2 Rxb2 30. Qxd5 Nxd5 31. Rc1 Nxe3 32. Rxc5 Rb1+ 33. Kf2
Ng4+ 34. Kg2 Rb2+ 35. Kg3 Nxh2 36. Rc7 Nf1+ 37. Kf3 Rh2 38. Ng2 Rh3+ 39. Ke4
Rg3 40. Rc2 h5 41. Ke5 Rxd3 42. Kxe6 Ng3 43. Rf2 Ne4 44. Ra2 Kh7 45. Kf5 Nf6
46. Kg5 Rg3+ 47. Kh4 Rg4+ 48. Kh3 Nd5 49. Ra5 Nf6 50. Rxh5+ 1/2-1/2

[Event "14. Lichtenberger Sommer"]
[Site "14. Lichtenberger Sommer"]
[Date "2015.08.22"]
[Round "8.20"]
[White "Guenther, Thomas"]
[Black "Reichenbach, Werner"]
[Result "1/2-1/2"]
[WhiteElo "2081"]
[BlackElo "2241"]
[PlyCount "131"]
[EventDate "2015.??.??"]
[WhiteTeam "SV Senat (FV Schach)"]
[BlackTeam "SC Eintracht Berlin"]

1. d4 g6 2. Nf3 Bg7 3. e4 d6 4. h3 Nf6 5. Bd3 O-O 6. O-O Nc6 7. Re1 e5 8. d5
Ne7 9. Bf1 c6 10. c4 cxd5 11. cxd5 h6 12. Nc3 Ne8 13. Nh2 f5 14. f3 f4 15. a4
Nf6 16. Qb3 h5 17. Bd2 g5 18. Be2 Ng6 19. Rac1 Rf7 20. Nb5 Bf8 21. Qc2 Ne8 22.
Red1 Nh4 23. Be1 Bd7 24. Bf2 b6 25. Qb3 Qf6 26. Rc3 Be7 27. Na3 Bd8 28. Bb5 Ng6
29. Bxd7 Rxd7 30. Qb5 Qe7 31. Qa6 Rb8 32. b3 Rdb7 33. b4 Qd7 34. Qb5 Qf7 35.
Rdc1 Ne7 36. Qd3 Kg7 37. b5 Nf6 38. Nc2 Qg6 39. Qe2 Nd7 40. Nb4 Nc5 41. Nc6 Ra8
42. Ra1 Nd7 43. a5 bxa5 44. Nxd8 Rxd8 45. Rxa5 Ra8 46. Qc2 Qe8 47. Rc6 Qb8 48.
Qa4 Nc8 49. Nf1 Ndb6 50. Qb4 Rd7 51. Nd2 Ne7 52. Bxb6 Nxc6 53. bxc6 Rf7 54. c7
Rxc7 55. Ra4 axb6 56. Rxa8 Qxa8 57. Qxd6 Qa1+ 58. Nf1 Qd4+ 59. Kh2 Rf7 60. Qd8
Kg6 61. Qg8+ Rg7 62. Qe6+ Kh7 63. Qf5+ Kg8 64. Qc8+ Kh7 65. Qf5+ Kg8 66. Qc8+
1/2-1/2